Consumer behavior / (Record no. 3689)

MARC details
000 -LEADER
fixed length control field 00625nam a2200193 ar4500
001 - CONTROL NUMBER
control field 3691
005 - DATE AND TIME OF LATEST TRANSACTION
control field 20221127090807.0
008 - FIXED-LENGTH DATA ELEMENTS--GENERAL INFORMATION
fixed length control field 140210s xxua 00110|eng d
020 ## - INTERNATIONAL STANDARD BOOK NUMBER
International Standard Book Number 9780137006700(pbk) :
Terms of availability SR270.00
082 04 - DEWEY DECIMAL CLASSIFICATION NUMBER
Classification number 658.8342
Item number Sch32 2010
Edition number 22
100 1# - MAIN ENTRY--PERSONAL NAME
Personal name Schiffman, Leon G.
245 10 - TITLE STATEMENT
Title Consumer behavior /
Statement of responsibility, etc. L Schiffman, L. Kanuk ;in collaboration with Joseph Wisenblit.
250 ## - EDITION STATEMENT
Edition statement 10th ed.
260 ## - PUBLICATION, DISTRIBUTION, ETC.
Place of publication, distribution, etc. Boston :
Name of publisher, distributor, etc. Pearson,
Date of publication, distribution, etc. 2010.
300 ## - PHYSICAL DESCRIPTION
Extent 592 p. :
Other physical details col. ill., ;
Dimensions 28 cm.
504 ## - BIBLIOGRAPHY, ETC. NOTE
Bibliography, etc. note Includes bibl. references and index.
650 #4 - SUBJECT ADDED ENTRY--TOPICAL TERM
Topical term or geographic name entry element Consumer behavior.
700 0# - ADDED ENTRY--PERSONAL NAME
Personal name Kanuk, Leslie Lazar,
Relator term jt. auth.
Holdings
Withdrawn status Lost status Source of classification or shelving scheme Damaged status Not for loan Home library Current library Date acquired Total Checkouts Full call number Barcode Date last seen Copy number Price effective from Koha item type Date due Date last checked out
              11/27/2022   658.8342 Sch32 2010 10000000013028 11/27/2022 C4 11/27/2022 Book    
          CENTRAL CENTRAL 11/27/2022   658.8342 Sch32 2010 1000000008004 11/27/2022 C1 11/27/2022 Book    
          CENTRAL CENTRAL 11/27/2022   658.8342 Sch32 2010 1000000008005 11/27/2022 C2 11/27/2022 Book    
          CENTRAL CENTRAL 11/27/2022   658.8342 Sch32 2010 1000000008006 11/27/2022 C3 11/27/2022 Book    
            WOMEN 11/27/2022 1 658.8342 Sch32 2010 10000000013027 08/20/2023 C5 11/27/2022 Book 09/03/2023 08/20/2023